ბათუმის შოთა რუსთაველის სახელმწიფო უნივერსიტეტის ბიბლიოთეკა

ასპარეზზე გამოდიან გმირები / (ბიბ.ჩანაწერი № 38613)

000 -ლიდერი
ფიქსირებული სიგრძის საკონტროლო ველი 01880nam a2200301Ia 4500
001 - საკონტროლო ნომერი
საკონტროლო ველი 4793
003 - საკონტროლო ნომრის იდენტიფიკატორი
საკონტროლო ველი GE_BSU
005 - ბოლო ოპერაციის თარიღი და დრო
საკონტროლო ველი 20190816103659.0
008 - ფიქსირებული სიგრძის მონაცემთა ელემენტები - ზოგადი ინფორმაცია
ფიქსირებული სიგრძის საკონტროლო ველი 181216s2003||||ge |||||||||||||| ||geo||
020 ## - წიგნის საერთაშორისო სტანდარტული ნომერი
International Standard Book Number 9992865113
040 ## - კატალოგიზაციის წყარო
Transcribing agency GE_BSU
041 ## - ენის კოდი
Language code of text/sound track or separate title geo
080 ## - უნივერსალური ათობითი კლასიფიკაციის ინდექსი
Universal Decimal Classification number 821.14'01-394 ა-87
245 ## - ცნობა სათაურის შესახებ
Title ასპარეზზე გამოდიან გმირები /
Statement of responsibility, etc თხრობა და კომენტარები ნანა ტონიასი და მანანა ღარიბაშვილისა
250 ## - გამოცემის ცნობა
Edition statement 2-ე შესწ. გამოცემა
264 ## - წარმოების, გამოცემის, დისტრიბუციის და სხვა ცნობები
გამოცემის, წარმოების, დისტრიბუციის... ადგილი თბილისი :
გამოცემის, წარმოების, დისტრიბუციის... სახელწოდება ლოგოსი ;
გამოცემის, წარმოების, დისტრიბუციის... თარიღი 2003.
300 ## - ფიზიკური აღწერა
Extent 253 გვ. :
Other physical details ილ. ;
Dimensions 20 სმ.
440 ## - სერიის ცნობა / დამატებულია ჩანაწერი - სათაური
Title (პროგრამა "ლოგოსი". პუბლ. და ღონისძ. კლასიკ. ფილოლ., ბიზანტ. და ნეოგრეც. სფეროში. ბერძნული მითების სამყარო / სერიის სარედ. კოლ. : რისმაგ გორდეზიანი და სხვ.).
9 (RLIN) 3636
504 ## - BIBLIOGRAPHY, ETC. NOTE
Bibliography, etc სახელთა საძ.: გვ. 241-253.
520 ## - SUMMARY, ETC.
Summary, etc პროგრამა ”ლოგოსი” ბერძნული მითების სამყარო
653 ## - INDEX TERM--UNCONTROLLED
Uncontrolled term ასპარეზზე გამოდიან გმირები
700 ## - ADDED ENTRY--PERSONAL NAME
Personal name ტონია, ნანა
Relator term თხრობა და კომენტარები
9 (RLIN) 661
700 ## - ADDED ENTRY--PERSONAL NAME
Personal name ღარიბაშვილი, მანანა
Relator term თხრობა და კომენტარები
9 (RLIN) 3637
710 ## - ADDED ENTRY--CORPORATE NAME
Corporate name or jurisdiction name as entry element თსუ
9 (RLIN) 3638
710 ## - ADDED ENTRY--CORPORATE NAME
Corporate name or jurisdiction name as entry element კლასიკ. ფილოლ., ბიზანტ. და ნეოგრეც. ინ-ტი.
9 (RLIN) 3639
942 ## - ADDED ENTRY ELEMENTS (KOHA)
Koha item type წიგნი
Source of classification or shelving scheme
ეგზემპლარები
ჩამოწერის სტატუსი დაკარგული ეგზემპლარის სტატუსი კლასიფიკაციის წყარო ან თაროზე გაწყობის სქემა დაზიანების სტატუსი არ გაიცემა მუდმივი მდებარეობა (დაცვის ადგილი) ამჟამინდელი ადგილსამყოფელი თაროზე განთავსების ადგილი შეძენის თარიღი ღირებულება, შესყიდვის ნორმალური ფასი სრული შენახვის შიფრი შტრიხკოდი ბოლო ოპერაციის თარიღი ეგზემპლარის მიმდევრობითი ნომერი (კეტერი?) ფასის ძალაში შესვლის თარიღი ეგზემპლარის სახეობა საჯარო შენიშვნა
          ბათუმის შოთა რუსთაველის სახელმწიფო უნივერსიტეტის მთავარი ბიბლიოთეკა ბათუმის შოთა რუსთაველის სახელმწიფო უნივერსიტეტის მთავარი ბიბლიოთეკა წიგნსაცავი 2018-12-17 12.00 821.14'01-394 ა-87 13455 2018-12-17 13455 2018-12-17 წიგნი 12 ლ.